Guess the mystery countries - Statistics

General Stats
  • This quiz has been taken 201 times
  • The average score is 7 of 30
Answer Stats
Hint Answer % Correct
Norway Country: Norway
64%
Belgium Country: Belgium
63%
Belgium Capital city Brussels
57%
Belgium An official language German
55%
Belgium Second largest religion Islam
50%
Norway Capital city Oslo
49%
Norway Sea it coasts on North Sea
43%
Slovenia Currency Euro
42%
Slovenia Bordering country Italy
39%
Belgium A bordering country Luxembourg
39%
Slovenia Multinational organisation joined in 2004 Nato
34%
Slovenia Touches this sea Adriatic
33%
Slovenia Country: Slovenia
33%
Slovenia Capital city Ljubljana
20%
Belgium Popular dish of mussels and french fries Moules-frites
17%
Norway Sports event this country is most successful in Winter Olympics
13%
Slovenia Once ruled by this republic Venice
10%
Norway It's the only country in Europe with this animal: Wild Tundra ________ Reindeer
9%
Norway Comedy duo that created the music video "What does the Fox Say?" Ylvis
9%
Samoa Country: Samoa
8%
Slovenia 'Human fish' creature that lives in caves Olm
5%
Belgium The first country to legalise this for children Euthanasia
4%
Slovenia Jason supposedly sailed up this river in the Argo Sava
4%
Samoa Capital city Apia
3%
Belgium Town once home to Boris Johnson, MC Escher, and Jacques Tits Uccle
2%
Norway Considered the northernmost city in the world Alta
1%
Samoa 'Great Warrior', former title of leader Malietoa
1%
Samoa Dish of raw fish in lemon and coconut cream Oka
1%
Samoa Highest mountain Silisili
1%
Samoa Smallest inhabited island Apolima
0%
No matching quizzes found
Score Distribution
Percent of People with Each Score
Percentile by Number Answered
Your Score History
You have not taken this quiz